Vista normal Vista MARC

Entrada Topical Term

Número de registros utilizados en: 1

001 - CONTROL NUMBER

  • control field: 9633

003 - CONTROL NUMBER IDENTIFIER

  • control field: OSt

005 - DATE AND TIME OF LATEST TRANSACTION

  • control field: 20200902130231.0

008 - FIXED-LENGTH DATA ELEMENTS

  • fixed length control field: 200902|| aca||aabn | a|a d

040 ## - CATALOGING SOURCE

  • Original cataloging agency: OSt
  • Transcribing agency: OSt

150 ## - HEADING--TOPICAL TERM

  • Topical term or geographic name entry element: autores,
  • General subdivision: latinoamericanos

670 ## - SOURCE DATA FOUND

  • Source citation: Work cat.: (OSt)0: Lara Ramos, David. autor 9632, Pasa la voz, queda la palabra /